Ensayos en homenaje al profesor José Barral Souto (Registro nro. 1330)
[ vista simple ]
| 000 -LEADER | |
|---|---|
| fixed length control field | 01902 a2200349 4500 |
| 001 - CONTROL NUMBER | |
| control field | 25222 |
| 005 - DATE AND TIME OF LATEST TRANSACTION | |
| control field | 20260407155536.0 |
| 008 - FIXED-LENGTH DATA ELEMENTS--GENERAL INFORMATION | |
| fixed length control field | 260407a1979 arg spa d |
| 003 - CONTROL NUMBER IDENTIFIER | |
| control field | AR-UNSa-BCEJYS |
| 040 ## - CATALOGING SOURCE | |
| Original cataloging agency | AR-UNSa-BCEJYS |
| Language of cataloging | spa |
| Transcribing agency | AR-UNSa-BCEJYS |
| 080 ## - UNIVERSAL DECIMAL CLASSIFICATION NUMBER | |
| Universal Decimal Classification number | 519.22 |
| Common auxiliary subdivision | Teoría estadística. Modelos estadísticos. Estadística matemática en general<br/> |
| 041 ## - LANGUAGE CODE | |
| Language code of text/sound track or separate title | spa |
| 100 1# - MAIN ENTRY--PERSONAL NAME | |
| Personal name | Aiub, A. |
| 245 10 - TITLE STATEMENT | |
| Title | Ensayos en homenaje al profesor José Barral Souto |
| 264 #1 - PRODUCTION, PUBLICATION, DISTRIBUTION, MANUFACTURE, AND COPYRIGHT NOTICE | |
| Place of production, publication, distribution, manufacture | Buenos Aires : |
| Name of producer, publisher, distributor, manufacturer | Ediciones Macchi |
| Date of production, publication, distribution, manufacture, or copyright notice | 1979 |
| 300 ## - PHYSICAL DESCRIPTION | |
| Extent | 223 p. |
| Dimensions | 22 cm. |
| 505 ## - FORMATTED CONTENTS NOTE | |
| Formatted contents note | 1. La regresión de estabilidad de la ecuación de diferencias de tercer orden - 2. Efectos de uns sistema generalizado de correción monetaria bajo dos tipos de inflación con dinero pasivo - 3. Breve historia de los estudios de matemática en la Facultad de ciencias económicas de Buenos Aires hasta 1973 - 4. Sobre el precio de Le Chatelier- Samuelson - 5. Las técnicas cuantitativas de la investigación operativa en el problema del dimensionamiento portuario - 6. Modelos de regresión para estimaciones estacionales - 7. Progreso teconológico sesgado y distribución del ingreso - 8. Sobre la teoría de las reservas precautorias - 9. La matemática y la ciencia del hombre - La medición de la mortalidad a partir de información recogida en una encuesta - 10. Modelos sobre perspectivas tendenciales del crecimiento de la economía argentina. |
| 590 ## - LOCAL NOTE (RLIN) | |
| Local note | niveau_biblio:m niveau_hierar:0 |
| 700 1# - ADDED ENTRY--PERSONAL NAME | |
| Personal name | Canavese, Alfredo Juan |
| 700 1# - ADDED ENTRY--PERSONAL NAME | |
| Personal name | De Cesare, Elías Alfredo |
| 700 1# - ADDED ENTRY--PERSONAL NAME | |
| Personal name | Fernandez Pol, Jorge E. |
| 700 1# - ADDED ENTRY--PERSONAL NAME | |
| Personal name | Machado, E.A.M. |
| 700 1# - ADDED ENTRY--PERSONAL NAME | |
| Personal name | Mentz, R.P. |
| 700 1# - ADDED ENTRY--PERSONAL NAME | |
| Personal name | Elías, Víctor Jorge |
| 700 1# - ADDED ENTRY--PERSONAL NAME | |
| Personal name | Montuschi, Luisa |
| 700 1# - ADDED ENTRY--PERSONAL NAME | |
| Personal name | Olivera, Julio H.G. |
| 700 1# - ADDED ENTRY--PERSONAL NAME | |
| Personal name | Santalo, Luis A. |
| 700 1# - ADDED ENTRY--PERSONAL NAME | |
| Personal name | Somoza, J.L. |
| 700 1# - ADDED ENTRY--PERSONAL NAME | |
| Personal name | Toranzos, Fausto I. |
| 700 1# - ADDED ENTRY--PERSONAL NAME | |
| Personal name | Vázquez-Presedo, Vicente |
| 942 ## - ADDED ENTRY ELEMENTS (KOHA) | |
| Koha item type | |
| Withdrawn status | Lost status | Damaged status | Not for loan | Home library | Current library | Shelving location | Date acquired | Total checkouts | Full call number | Barcode | Date last seen | Price effective from | Koha item type |
|---|---|---|---|---|---|---|---|---|---|---|---|---|---|
| Biblioteca Prof. Eusebio Cleto del Rey | Biblioteca Prof. Eusebio Cleto del Rey | 07/04/2026 | 519.22 E59 | L13836 | 07/04/2026 | 07/04/2026 | Libro |